10 most popular songs from the artist given - Statistics

General Stats
  • This quiz has been taken 20 times
  • The average score is 20 of 130
Answer Stats
Artist Song % Correct
Imagine Dragons Radioactive
79%
Imagine Dragons Believer
57%
OneRepublic Counting Stars
57%
Imagine Dragons Thunder
57%
Coldplay Yellow
57%
Queen Bohemian Rhapsody
50%
twenty one pilots Ride
50%
twenty one pilots Stressed Out
50%
Coldplay The Scientist
50%
Queen We Are the Champions
50%
Imagine Dragons Demons
43%
twenty one pilots Heathens
43%
Eminem Lose Yourself
43%
Foster The People Pumped Up Kicks
43%
Queen We Will Rock You
43%
NF Let You Down
36%
Eminem Love The Way You Lie
36%
Coldplay Paradise
36%
Queen Radio Ga Ga
36%
Eminem The Real Slim Shady
36%
Coldplay Viva la Vida
36%
Imagine Dragons Whatever It Takes
36%
OneRepublic Apologize
29%
Foster The People Don't Stop (Color on the Walls)
29%
Queen Don't Stop Me Now
29%
Imagine Dragons Natural
29%
Imagine Dragons On Top of the World
29%
NF The Search
29%
Queen Another One Bites the Dust
21%
Imagine Dragons Bad Liar
21%
Fall Out Boy Centuries
21%
twenty one pilots Chlorine
21%
Coldplay Clocks
21%
Coldplay Fix You
21%
Coldplay Hymn For The Weekend
21%
Queen I Want to Break Free
21%
Eminem Not Afraid
21%
Queen Somebody To Love
21%
Coldplay Something Just Like This
21%
Eminem Stan
21%
Imagine Dragons Sucker For Pain
21%
Rush Tom Sawyer
21%
NF When I Grow Up
21%
OneRepublic Better Days
14%
Queen Crazy Little Thing Called Love
14%
Fall Out Boy Dance, Dance
14%
Imagine Dragons Follow You
14%
OneRepublic I Lived
14%
twenty one pilots Level of Concern
14%
NF Lie
14%
OneRepublic Lose Somebody
14%
Eminem Mockingbird
14%
Eminem Rap God
14%
OneRepublic Run
14%
twenty one pilots Saturday
14%
OneRepublic Secrets
14%
twenty one pilots Shy Away
14%
twenty one pilots Tear in my Heart
14%
NF Time
14%
Slipknot Wait and Bleed
14%
KALEO Way down We Go
14%
Eminem Without Me
14%
Coldplay A Sky Full of Stars
7%
KALEO Break My Baby
7%
twenty one pilots Choker
7%
Rush Closer to The Heart
7%
NF CLOUDS
7%
Slipknot Duality
7%
Rush Fly By Night
7%
Rush Freewill
7%
OneRepublic Good Life
7%
Foster The People Helena Beat
7%
Foster The People Houdini
7%
NF JUST LIKE YOU
7%
Rush Limelight
7%
NF LOST
7%
Rush Red Barchetta
7%
OneRepublic Rescue Me
7%
Foster The People Sit Next to Me
7%
Rush Subdivisions
7%
Slipknot The Devil in I
7%
twenty one pilots The Outside
7%
Rush The Spirit Of Radio
7%
Fall Out Boy Thnks fr th Mmrs
7%
Eminem Till I Collapse
7%
Queen Under Pressure
7%
Slipknot Vermillion, Pt. 2
7%
Rush Working Man
7%
Rush YYZ
7%
AJR 100 Bad Days
0%
AJR 3 O'Clock Things
0%
Foster The People All About You
0%
Slipknot All Out Life
0%
KALEO All the Pretty Girls
0%
AJR Bang!
0%
Slipknot Before I Forget
0%
OneRepublic Bones
0%
KALEO Broken Bones
0%
AJR Burn The House Down
0%
Foster The People Call It What You Want
0%
Eminem Godzilla
0%
KALEO Hey Gringo
0%
Coldplay Higher Power
0%
KALEO Hot Blood
0%
KALEO I Can't Go On Without You
0%
NF If You Want Love
0%
Foster The People Imagination
0%
Fall Out Boy Immortals
0%
AJR I'm Ready
0%
Fall Out Boy I've Been Waiting
0%
KALEO I Want More
0%
Foster The People I Would Do Anything For You
0%
Foster The People Lamb's Wool
0%
AJR Let the Games Begin
0%
Fall Out Boy My Songs Know What You Did in the Dark (Light Em Up)
0%
Slipknot Nero Forte
0%
KALEO No Good
0%
NF Paralyzed
0%
Slipknot Pyschosocial
0%
KALEO Skinny
0%
Slipknot Snuff
0%
AJR Sober Up
0%
Fall Out Boy Sugar, We're Goin Down
0%
Fall Out Boy Summer Days
0%
Fall Out Boy The Phoenix
0%
Fall Out Boy Uma Thurman
0%
Slipknot Unsainted
0%
AJR Way Less Sad
0%
AJR Weak
0%
AJR World's Smallest Violin
0%
No matching quizzes found
Score Distribution
Percent of People with Each Score
Percentile by Number Answered
Your Score History
You have not taken this quiz